| 000 | 00655nam a2200205 a 4500 | ||
|---|---|---|---|
| 005 | 20210223130117.0 | ||
| 008 | 061129s2000 es r 000 0 spa d | ||
| 020 | _a8480634278 | ||
| 035 | _aUPN01000148459 | ||
| 049 | _aC | ||
| 050 | 4 |
_aP29 _bC7.2 |
|
| 100 | 1 |
_aCrystal, David, _d1941- _942020 |
|
| 245 | 1 | 0 |
_aDiccionario de lingüística y fonética / _cDavid Crystal ; tr. y adapt. Xavier Villalba. |
| 260 |
_aMadrid : _bOctaedro, _c2000. |
||
| 300 | _a637 p. | ||
| 534 |
_pTítulo original: _tA dictionary of linguistics and phonetics |
||
| 650 | 4 |
_aLINGUISTICA - _vDICCIONARIOS _96220 |
|
| 650 | 4 |
_aFONETICA - _vDICCIONARIOS _96225 |
|
| 905 | _aLibro | ||
| 999 |
_c120601 _d120601 |
||